| Record ID | marc_loc_updates/v40.i04.records.utf8:4449910:758 |
| Source | Library of Congress |
| Download Link | /show-records/marc_loc_updates/v40.i04.records.utf8:4449910:758?format=raw |
LEADER: 00758cam a2200253 a 4500
001 93030020
003 DLC
005 20120119075856.0
008 930720s1993 pauab 001 0 eng
010 $a 93030020
020 $a1561480924 :$c$13.95
040 $aDLC$cDLC$dDLC
043 $an-us-pa$ae-gx---
050 00 $aTX721$b.S76 1993
082 00 $a641.59748/15$220
100 1 $aStoltzfus, Louise,$d1952-
245 10 $aLancaster County cookbook /$cLouise Stoltzfus and Jan Mast.
260 $aIntercourse, PA :$bGood Books,$cc1993.
300 $a251 p. :$bill. (some col.), map ;$c23 cm.
500 $aIncludes index.
650 0 $aCooking$zPennsylvania$zLancaster County.
650 0 $aCooking, German.
655 7 $aCookbooks.$2lcgft
700 1 $aMast, Jan.